Normal view
MARC view
- تأليف إبن المقفع
Entry Personal Name
001 - CONTROL NUMBER
- control field: 18182
003 - CONTROL NUMBER IDENTIFIER
- control field: JO-AjAnu
005 - DATE AND TIME OF LATEST TRANSACTION
- control field: 20230606073210.0
008 - FIXED-LENGTH DATA ELEMENTS
- fixed length control field: 230606|| aca||aabn | a|a d
040 ## - CATALOGING SOURCE
- Original cataloging agency: JO-AjAnu
- Transcribing agency: JO-AjAnu
100 ## - HEADING--PERSONAL NAME
- Personal name: تأليف إبن المقفع
670 ## - SOURCE DATA FOUND
- Source citation: Work cat.: (JO-AjAnu)9334: تأليف إبن المقفع, author, الأدب الكبير والأدب الصغير